Highest Point in Each State - Statistics

General Stats
  • This quiz has been taken 7 times
  • The average score is 43 of 50
Answer Stats
Place Name Elevation (ft) State % Correct
Cheaha Mt. 2,405 Alabama
100%
Humphreys Peak 12,633 Arizona
100%
Magazine Mt. 2,753 Arkansas
100%
Mt. Whitney 14,494 California
100%
Mt. Elbert 14,433 Colorado
100%
Denali 20,237 Alaska
86%
Mt. Frissell--S slope 2,380 Connecticut
86%
Ebright Azimuth 448 Delaware
86%
Britton Hill 345 Florida
86%
Brasstown Bald 4,784 Georgia
86%
Borah Peak 12,662 Idaho
86%
Charles Mound 1,235 Illinois
86%
Hawkeye Point 1,670 Iowa
86%
Mt. Sunflower 4,039 Kansas
86%
Black Mt. 4,139 Kentucky
86%
Driskill Mt. 535 Louisiana
86%
Mt. Katahdin 5,267 Maine
86%
Mt. Greylock 3,487 Massachusetts
86%
Mt. Arvon 1,979 Michigan
86%
Eagle Mt. 2,301 Minnesota
86%
Woodall Mt. 806 Mississippi
86%
Taum Sauk Mt. 1,772 Missouri
86%
Granite Peak 12,799 Montana
86%
Panorama Point 5,424 Nebraska
86%
Boundary Peak 13,140 Nevada
86%
Mt. Washington 6,288 New Hampshire
86%
Wheeler Peak 13,161 New Mexico
86%
Mt. Marcy 5,344 New York
86%
Mt. Mitchell 6,684 North Carolina
86%
White Butte 3,506 North Dakota
86%
Campbell Hill 1,549 Ohio
86%
Black Mesa 4,973 Oklahoma
86%
Mt. Hood 11,239 Oregon
86%
Jerimoth Hill 812 Rhode Island
86%
Sassafras Mt. 3,560 South Carolina
86%
Harney Peak 7,242 South Dakota
86%
Clingmans Dome 6,643 Tennessee
86%
Guadalupe Peak 8,749 Texas
86%
Kings Peak 13,528 Utah
86%
Mt. Mansfield 4,393 Vermont
86%
Mt. Rogers 5,729 Virginia
86%
Mt. Rainier 14,410 Washington
86%
Spruce Knob 4,861 West Virginia
86%
Timms Hill 1,951 Wisconsin
86%
Mauna Kea 13,796 Hawaii
71%
Hoosier Hill Point 1,257 Indiana
71%
High Point 1,803 New Jersey
71%
Mt. Davis 3,213 Pennsylvania
71%
Gannett Peak 13,804 Wyoming
71%
Backbone Mt. 3,360 Maryland
57%
No matching quizzes found
Score Distribution
Percent of People with Each Score
Percentile by Number Answered
Your Score History
You have not taken this quiz